Poradenstvo v marketingu ponuka špeciálnych metód na skvalitnenie riadiacich postupov

Charakteristika poradenstva v riadení. Marketingové poradenstvo ako súčasť poradenstva v riadení. Charakteristické a špecifické znaky marketingového poradenstva. Všeobecné a špecializované marketingové poradenstvo. Najdôležitejšie úlohy poradenstva v marketingu.

Saved in:
Bibliographic Details
Main Author: Hanuláková, Eva, 1964-
Format: Book Chapter
Language:Slovak
Subjects:
Tags: Add Tag
No Tags, Be the first to tag this record!

MARC

LEADER 00000naa a2200000 4500
001 r033904
005 20230626065717.2
041 0 |a slo 
044 |a SK 
245 1 0 |a Poradenstvo v marketingu  |b ponuka špeciálnych metód na skvalitnenie riadiacich postupov  |c Eva Hanuláková 
520 |a Charakteristika poradenstva v riadení. Marketingové poradenstvo ako súčasť poradenstva v riadení. Charakteristické a špecifické znaky marketingového poradenstva. Všeobecné a špecializované marketingové poradenstvo. Najdôležitejšie úlohy poradenstva v marketingu. 
610 2 0 |a poradenstvo 
610 2 0 |a marketing 
610 2 0 |a riadenie 
610 2 0 |a metodika 
610 2 0 |a služby poradenské 
100 1 |a Hanuláková, Eva, 1964-